[Event "Reykjavik Open 2018"]
[Site "Reykjavik ISL"]
[Date "2018.03.10"]
[Round "5.111"]
[White "Jonasson, Hordur"]
[Black "Thorisson, Benedikt"]
[Result "0-1"]
[WhiteElo "1539"]
[BlackElo "1214"]
[WhiteFideId "2311224"]
[BlackFideId "2314576"]
[EventDate "2018.03.06"]

1. e4 c5 2. Nf3 e6 3. b3 Nc6 4. Bb2 d6 5. g3 Nf6 6. d3 Be7 7. Bg2 O-O 8. O-O b5
9. c3 Bb7 10. Nbd2 d5 11. e5 Nd7 12. d4 cxd4 13. cxd4 Rc8 14. a3 a5 15. Qe2 Ba6
16. Rfc1 Qb6 17. Bf1 Ndb8 18. Qe3 Rfe8 19. h4 f6 20. Bh3 Nd8 21. Rxc8 Bxc8 22.
Rc1 Nf7 23. Qe2 Ba6 24. Qe1 Nd7 25. Rc2 fxe5 26. Nxe5 Nfxe5 27. dxe5 Rf8 28. Nf1
Kh8 29. Qe3 Bc5 30. Rxc5 Qxc5 31. Qxc5 Nxc5 32. b4 axb4 33. axb4 Nd3 34. Bd4
Nxb4 35. Bc5 Rc8 36. Bxb4 Rc1 37. Bd2 Rb1 38. Kg2 b4 39. Ne3 d4 40. Nc2 Bb7+ 41.
f3 Rb2 42. Bxb4 Rxc2+ 43. Kf1 Bxf3 44. Bxe6 Be2+ 45. Ke1 d3 46. Bd2 Rb2 47. Bc4
Rb1+ 48. Kf2 Rf1+ 49. Ke3 Rf3+ 50. Kd4 Rxg3 51. Kc3 Rg4 52. e6 Re4 53. Bg5 h6
54. Bd8 Rxc4+ 55. Kd2 Rxh4 56. Bxh4 g5 57. Bxg5 hxg5 58. e7 Bh5 59. Kxd3 Kg7 60.
Ke4 Kf6 61. e8=Q Bxe8 62. Kf3 Kf5 63. Kg3 Bc6 64. Kh3 Kf4 65. Kh2 g4 66. Kg1 Kg3 0-1

[Event "Reykjavik Open 2018"]
[Site "Reykjavik ISL"]
[Date "2018.03.10"]
[Round "5.112"]
[White "Hannesson, Sigurdur Orn"]
[Black "Sigfusson, Ottar Orn Bergmann"]
[Result "1-0"]
[WhiteElo "1623"]
[BlackElo "1100"]
[WhiteFideId "2316056"]
[BlackFideId "2313057"]
[EventDate "2018.03.06"]

1. d4 Nf6 2. c4 e6 3. Nc3 b6 4. e3 Bb7 5. Nf3 Be7 6. Be2 O-O 7. O-O Nc6 8. a3 a5
9. d5 Nb8 10. e4 d6 11. b3 c5 12. h3 Qd7 13. Na4 Bd8 14. e5 dxe5 15. Nxe5 Qd6
16. Bf4 Qe7 17. d6 Qe8 18. Bf3 Ra7 19. Bxb7 Rxb7 20. Qf3 Ra7 21. Nc3 Nfd7 22.
Nb5 Nxe5 23. Bxe5 Ra6 24. Qb7 Bg5 25. Rad1 Qd7 26. Qf3 Nc6 27. Rfe1 a4 28. Qg3
f6 29. Bb2 Na5 30. Nc7 Ra7 31. Nxe6 Re8 32. Nxg5 Rxe1+ 33. Rxe1 fxg5 34. Qxg5
axb3 35. Re7 1-0

[Event "Reykjavik Open 2018"]
[Site "Reykjavik ISL"]
[Date "2018.03.11"]
[Round "6.1"]
[White "Lenderman, Aleksandr"]
[Black "Yilmaz, Mustafa"]
[Result "1/2-1/2"]
[WhiteTitle "GM"]
[BlackTitle "GM"]
[WhiteElo "2600"]
[BlackElo "2619"]
[WhiteFideId "2021285"]
[BlackFideId "6302718"]
[EventDate "2018.03.06"]

1. Nf3 Nf6 2. c4 e6 3. Nc3 d5 4. e3 Be7 5. b3 O-O 6. Bb2 b6 7. cxd5 exd5 8. d4
Bb7 9. Rc1 Nbd7 10. g3 Re8 11. Bg2 Bd6 12. O-O a6 13. Qc2 Qe7 14. Ne2 c6 15. Nf4
Rac8 16. Rfd1 a5 17. a4 Ba6 18. Qb1 Ne4 19. Rc2 Rc7 20. Qc1 Nb8 21. Ne5 Bb7 22.
Bxe4 dxe4 23. Nc4 Na6 24. Nxb6 Nb4 25. Re2 Ba6 26. Nc4 Bc8 27. f3 exf3 28. Rf2
Bf5 29. Ba3 g5 30. Nxd6 Qxd6 31. Bxb4 axb4 32. Nd3 g4 33. Ne5 f6 34. Nc4 Qd8 35.
Qd2 Qe7 36. d5 cxd5 37. Nb6 Be4 38. Nxd5 Bxd5 39. Qxd5+ Qe6 40. Qxe6+ Rxe6 41.
Rd4 h5 42. Rxb4 Rxe3 43. Rc4 Rd7 44. Rc1 Rxb3 45. Ra2 Kf7 46. a5 Ra7 47. a6 Rb6
48. Rca1 Re6 49. Kf2 Kg6 50. h4 Re5 51. Kf1 Re6 52. Kf2 Kf7 53. Kf1 Ke7 54. Re1
Re5 55. Ra5 Kd6 56. Rexe5 fxe5 57. Kf2 Kc6 58. Rxe5 Rxa6 59. Rxh5 Ra2+ 60. Kf1
Rg2 61. Rg5 Rxg3 62. h5 Rh3 63. Rxg4 Rxh5 64. Kf2 Rf5 65. Rg3 Kd5 66. Rxf3 Rxf3+
67. Kxf3 1/2-1/2

[Event "Reykjavik Open 2018"]
[Site "Reykjavik ISL"]
[Date "2018.03.11"]
[Round "6.3"]
[White "Friedel, Joshua"]
[Black "Rapport, Richard"]
[Result "0-1"]
[WhiteTitle "GM"]
[BlackTitle "GM"]
[WhiteElo "2562"]
[BlackElo "2715"]
[WhiteFideId "2017199"]
[BlackFideId "738590"]
[EventDate "2018.03.06"]

1. Nf3 Nc6 2. e4 e5 3. Bb5 a6 4. Ba4 Nf6 5. O-O d6 6. c3 Nxe4 7. d4 Bd7 8. Re1
Nf6 9. Bxc6 Bxc6 10. dxe5 dxe5 11. Qxd8+ Kxd8 12. Nxe5 Be8 13. Bg5 h6 14. Bxf6+
gxf6 15. Ng4 Be7 16. Na3 Bd7 17. Rad1 Kc8 18. Ne3 Be6 19. Nd5 Bd8 20. Nc4 a5 21.
a4 Ra6 22. b3 Rc6 23. Nce3 Rd6 24. b4 Rg8 25. b5 Rd7 26. c4 c6 27. Nf4 Bb6 28.
bxc6 bxc6 29. Rxd7 Bxd7 30. Rc1 Bd4 31. Rd1 Bc5 32. Nh5 Rg6 33. Ng3 Kc7 34. Ne4
Bb4 35. h4 f5 36. h5 Re6 37. Nd2 f4 38. Nc2 Rd6 39. Nxb4 axb4 40. Kf1 Bf5 41. c5
Rd5 42. Ke1 Bc2 43. Rc1 Re5+ 44. Kf1 b3 0-1

[Event "Reykjavik Open 2018"]
[Site "Reykjavik ISL"]
[Date "2018.03.11"]
[Round "6.4"]
[White "Adhiban, Baskaran"]
[Black "Ramirez, Alejandro"]
[Result "1-0"]
[WhiteTitle "GM"]
[BlackTitle "GM"]
[WhiteElo "2650"]
[BlackElo "2568"]
[WhiteFideId "5018471"]
[BlackFideId "6500617"]
[EventDate "2018.03.06"]

1. d4 Nf6 2. c4 c5 3. d5 b5 4. cxb5 a6 5. e3 axb5 6. Bxb5 Qa5+ 7. Nc3 Bb7 8. Bd2
Qb6 9. Nf3 Nxd5 10. a4 Qg6 11. O-O e6 12. a5 Nc7 13. e4 Nxb5 14. Nxb5 Na6 15.
Re1 f6 16. Nh4 Qf7 17. Qb3 Bc6 18. Nf5 Qh5 19. Nbd6+ Kd8 20. Qb6+ Nc7 21. Bf4
exf5 22. Nxf5 Rc8 23. Rad1 Ke8 24. Bxc7 g6 25. Ng3 Qg4 26. e5 Qb4 27. e6 1-0

[Event "Reykjavik Open 2018"]
[Site "Reykjavik ISL"]
[Date "2018.03.11"]
[Round "6.5"]
[White "Brunello, Sabino"]
[Black "L'Ami, Erwin"]
[Result "1/2-1/2"]
[WhiteTitle "GM"]
[BlackTitle "GM"]
[WhiteElo "2542"]
[BlackElo "2634"]
[WhiteFideId "813613"]
[BlackFideId "1007998"]
[EventDate "2018.03.06"]

1. d4 Nf6 2. c4 e6 3. Nf3 d5 4. g3 Bb4+ 5. Bd2 Bxd2+ 6. Nbxd2 O-O 7. Bg2 Nbd7 8.
Rc1 b6 9. cxd5 Nxd5 10. O-O Bb7 11. Nc4 N5f6 12. Qd3 Be4 13. Qa3 Qb8 14. Nfe5
Bxg2 15. Kxg2 Nxe5 16. Nxe5 c5 17. Rfd1 Rc8 18. Qf3 Qd6 19. Nc4 Qd5 20. dxc5
Qxf3+ 21. Kxf3 Rxc5 22. Nd6 Ra5 23. a3 g5 24. h3 Rd8 25. g4 Nd7 26. e3 Rc5 27.
Ne4 Rxc1 28. Rxc1 h6 29. Rc7 Ne5+ 30. Ke2 a5 31. b3 Kg7 32. Rb7 Nd7 33. Nd2 a4
34. bxa4 Ne5 35. Rc7 Ra8 36. Nc4 Nxc4 37. Rxc4 Rd8 38. Rd4 Rc8 39. Kd3 Rc1 40.
Rb4 Rc6 41. Rc4 Rd6+ 42. Kc3 h5 43. gxh5 Kh6 44. h4 Kxh5 45. hxg5 Kxg5 46. Kb4
Rd2 47. f4+ Kf5 48. Kb5 Rd3 49. Kxb6 Rxe3 50. a5 Rxa3 51. a6 Rb3+ 52. Ka5 Rb8
53. a7 Ra8 54. Ka6 e5 55. fxe5 Kxe5 56. Kb7 Rxa7+ 57. Kxa7 f5 58. Kb6 f4 59. Rc8
Kd4 60. Rf8 Ke3 61. Kc5 f3 62. Kc4 f2 63. Rxf2 Kxf2 1/2-1/2

[Event "Reykjavik Open 2018"]
[Site "Reykjavik ISL"]
[Date "2018.03.11"]
[Round "6.6"]
[White "Landa, Konstantin"]
[Black "Vaibhav, Suri"]
[Result "1/2-1/2"]
[WhiteTitle "GM"]
[BlackTitle "GM"]
[WhiteElo "2613"]
[BlackElo "2544"]
[WhiteFideId "4101685"]
[BlackFideId "5045185"]
[EventDate "2018.03.06"]

1. d4 Nf6 2. Bf4 d5 3. e3 c5 4. c3 Nc6 5. Nd2 e6 6. Ngf3 Bd6 7. Bg3 O-O 8. Bd3
b6 9. Qe2 Bb7 10. Rd1 Re8 11. Ne5 Qc7 12. Ndf3 Ne4 13. Nxc6 Bxc6 14. Bxd6 Nxd6
15. O-O f6 16. Qc2 f5 17. Ne5 c4 18. Be2 b5 19. b3 Rec8 20. bxc4 bxc4 21. Rb1
Be8 22. Rb4 Rab8 23. Rfb1 Rb6 24. g4 g6 25. gxf5 gxf5 26. Kh1 Rxb4 27. Rxb4 Kh8
28. Rb1 Bc6 29. f4 Rg8 30. Bf3 Be8 31. Qf2 Qg7 32. Rb8 Nb5 33. Bh5 Nd6 34. Rxe8
Rxe8 35. Bxe8 Nxe8 36. Qb2 Qc7 37. a4 Kg7 38. Qg2+ Kf8 39. Qg5 Qg7 40. Qd8 Qc7
41. Qh4 Qe7 42. Qh6+ Kg8 43. Nc6 Qd7 44. Ne5 Qe7 45. Nc6 Qd7 46. Ne5 1/2-1/2

[Event "Reykjavik Open 2018"]
[Site "Reykjavik ISL"]
[Date "2018.03.11"]
[Round "6.7"]
[White "Can, Emre"]
[Black "Abdusattorov, Nodirbek"]
[Result "1/2-1/2"]
[WhiteTitle "GM"]
[BlackTitle "IM"]
[WhiteElo "2603"]
[BlackElo "2518"]
[WhiteFideId "6302181"]
[BlackFideId "14204118"]
[EventDate "2018.03.06"]

1. Nf3 Nf6 2. c4 e6 3. g3 d5 4. d4 Bb4+ 5. Bd2 Bd6 6. Nc3 Nc6 7. Bg2 O-O 8. O-O
dxc4 9. Qa4 e5 10. d5 Ne7 11. Qxc4 h6 12. Rfd1 a6 13. a4 Bg4 14. Rac1 Qd7 15.
Ne1 Rab8 16. a5 c6 17. dxc6 Nxc6 18. Be3 Nxa5 19. Qa2 Nc6 20. Bxc6 bxc6 21. Bc5
Nd5 22. Nxd5 cxd5 23. Rxd5 Be6 24. Rxd6 Qxd6 25. Bxd6 Bxa2 26. Nd3 e4 27. Nb4
Be6 28. Bxb8 Rxb8 29. Nxa6 Rxb2 30. e3 Bg4 31. Nc5 Bf3 32. Na4 Rd2 33. Nc3 h5
34. Nb5 Rb2 35. Nd4 g6 36. h4 Kg7 37. Kf1 Ra2 38. Ke1 Bg4 39. Rc2 Ra1+ 40. Kd2
Rf1 41. Kc3 Kf6 42. Kc4 Ke5 43. Kc5 Bd7 44. Kc4 Be6+ 45. Kb5 Kd6 46. Rc6+ 1/2-1/2

[Event "Reykjavik Open 2018"]
[Site "Reykjavik ISL"]
[Date "2018.03.11"]
[Round "6.8"]
[White "Perelshteyn, Eugene"]
[Black "Lagarde, Maxime"]
[Result "0-1"]
[WhiteTitle "GM"]
[BlackTitle "GM"]
[WhiteElo "2513"]
[BlackElo "2587"]
[WhiteFideId "2012529"]
[BlackFideId "662399"]
[EventDate "2018.03.06"]

1. d4 Nf6 2. Bf4 d5 3. e3 c5 4. Nc3 c4 5. e4 e6 6. e5 Nfd7 7. Be3 Nc6 8. f4 b5
9. a3 b4 10. axb4 Bxb4 11. Nf3 O-O 12. Be2 f5 13. O-O Nb6 14. h3 Bd7 15. Kh2 Be8
16. Rg1 Be7 17. Qd2 a5 18. Bf2 a4 19. Nd1 Rb8 20. Ne3 Kh8 21. g3 Rb7 22. Rg2 Qb8
23. c3 a3 24. bxa3 Na4 25. Ra2 Na5 26. Rc2 Nb2 27. Nd1 Nd3 28. Bxd3 cxd3 29.
Qxd3 Bb5 30. Qe3 Nc4 31. Qe1 Ba4 32. Rc1 Bxa3 33. Ra1 Rb1 34. Rxb1 Qxb1 35. Rg1
Qd3 36. Ne3 Rb8 37. Qf1 Qxc3 38. Qe1 Qd3 39. Qf1 Qb3 40. Qe2 Be7 41. Ng2 Qa3 42.
Ng5 Rb2 43. Qh5 Bxg5 44. Qxg5 h6 45. Qg6 Rxf2 46. Qxe6 Ne3 0-1

[Event "Reykjavik Open 2018"]
[Site "Reykjavik ISL"]
[Date "2018.03.11"]
[Round "6.9"]
[White "Eljanov, Pavel"]
[Black "Thorfinnsson, Bjorn"]
[Result "1-0"]
[WhiteTitle "GM"]
[BlackTitle "IM"]
[WhiteElo "2713"]
[BlackElo "2399"]
[WhiteFideId "14102951"]
[BlackFideId "2300982"]
[EventDate "2018.03.06"]

1. Nf3 d5 2. g3 Nf6 3. Bg2 c5 4. O-O Nc6 5. d4 cxd4 6. Nxd4 Qb6 7. Nxc6 bxc6 8.
c4 e6 9. Qc2 Be7 10. Be3 Qa6 11. Nd2 O-O 12. Bd4 Rd8 13. Rfd1 c5 14. cxd5 cxd4
15. d6 Bb7 16. dxe7 Rdc8 17. Qd3 Qxd3 18. exd3 Rc7 19. Nb3 Rb8 20. Bxb7 Rbxb7
21. Nxd4 Rxb2 22. Rab1 Rxb1 23. Rxb1 Rxe7 24. Nc6 Re8 25. Nxa7 Kf8 26. a4 Ra8
27. Rb7 Ne8 28. a5 Nd6 29. Rc7 Ke8 30. Nc6 Ra6 31. Kg2 g6 32. g4 Nb5 33. Rc8+
Kd7 34. Nb8+ Kxc8 35. Nxa6 Kb7 36. Nc5+ Kc6 37. Ne4 h6 38. Nf6 Nd6 39. Kg3 g5
40. f4 Kb5 41. fxg5 hxg5 42. Ne4 1-0

[Event "Reykjavik Open 2018"]
[Site "Reykjavik ISL"]
[Date "2018.03.11"]
[Round "6.10"]
[White "Kvetny, Mark"]
[Black "Adly, Ahmed"]
[Result "1/2-1/2"]
[WhiteTitle "IM"]
[BlackTitle "GM"]
[WhiteElo "2408"]
[BlackElo "2643"]
[WhiteFideId "24603929"]
[BlackFideId "10601619"]
[EventDate "2018.03.06"]

1. c4 c5 2. Nf3 Nf6 3. Nc3 e6 4. e3 d5 5. cxd5 exd5 6. Bb5+ Nc6 7. O-O Bd6 8. d4
O-O 9. dxc5 Bxc5 10. b3 Bg4 11. h3 Bh5 12. Be2 Re8 13. Bb2 a6 14. Nh4 Re5 15.
Na4 Bxe2 16. Qxe2 Bd4 17. Nf3 Bxb2 18. Qxb2 Re7 19. Rfd1 Qe8 20. Rac1 Rd8 21.
Nc5 Ne4 22. Nd3 h6 23. Nf4 Nf6 24. Ne2 Rc8 25. Rc2 Rec7 26. Rdc1 Qd8 27. Rd2 Ne7
28. Rxc7 Qxc7 29. Nfd4 Ne4 30. Rc2 Qd7 31. Qc1 Rxc2 32. Qxc2 Qd8 33. f3 Nf6 34.
Qc5 b6 35. Qc2 g6 36. Nc6 Qd6 37. Nxe7+ Qxe7 38. Qc8+ Kg7 39. Qc3 a5 40. Kf2 Qa3
41. Qd2 Kf8 42. Qd4 Qd6 43. Nc3 Ke7 44. Na4 Nd7 45. Nc3 Ke6 46. Ne2 Qe5 47. Nf4+
Kd6 48. Nd3 Qxd4 49. exd4 f6 50. g4 Nf8 51. Ke3 g5 52. f4 Ng6 53. f5 Ne7 54. Ne1
h5 55. Kd3 Kc6 56. Nc2 h4 57. Na3 Nc8 58. Nb1 Nd6 59. Nc3 b5 60. a4 bxa4 61.
bxa4 Nc4 62. Ke2 Nb6 63. Kd3 Nc8 64. Ke2 Ne7 65. Ke3 Ng8 66. Ke2 Nh6 67. Kf3 Nf7
68. Ke2 Nd6 69. Ke3 Nc8 70. Ke2 Na7 71. Kd3 Kd6 72. Ke3 Nc6 73. Nb5+ Kd7 74. Nc3
Nb4 75. Kd2 Kc6 76. Nb5 Na6 77. Nc3 Nc7 78. Kd3 Na8 79. Kd2 Nc7 80. Kd3 Ne8 81.
Ke2 Nd6 82. Ke3 Nf7 83. Ke2 Nd8 84. Ke3 Kd6 85. Nb5+ Kd7 86. Nc3 Kc6 87. Kd3 Nb7
88. Kd2 Nd6 89. Ke3 Nc4+ 90. Kd3 Na3 91. Kd2 Kd6 92. Kd3 Nc4 93. Nb5+ Kd7 94.
Nc3 Kc6 95. Ke2 Nb2 96. Kd2 Kd6 97. Nb5+ Kd7 98. Nc3 Kc6 99. Kc2 Nc4 100. Kd3
Nd6 1/2-1/2

[Event "Reykjavik Open 2018"]
[Site "Reykjavik ISL"]
[Date "2018.03.11"]
[Round "6.11"]
[White "Cornette, Matthieu"]
[Black "Thorsteinsson, Thorsteinn"]
[Result "1-0"]
[WhiteTitle "GM"]
[BlackTitle "FM"]
[WhiteElo "2620"]
[BlackElo "2317"]
[WhiteFideId "620084"]
[BlackFideId "2300281"]
[EventDate "2018.03.06"]

1. d4 d6 2. e4 Nf6 3. Nc3 e5 4. Nf3 Nbd7 5. Bc4 Be7 6. a4 O-O 7. O-O a5 8. Re1
c6 9. h3 h6 10. Be3 Re8 11. Bb3 exd4 12. Bxd4 Nf8 13. Nh4 Be6 14. Bxe6 fxe6 15.
e5 Nd5 16. Nxd5 exd5 17. Nf5 dxe5 18. Rxe5 Bg5 19. Rxe8 Qxe8 20. Nxg7 Qg6 21.
Ra3 Kh7 22. Nh5 Ne6 23. Rb3 b5 24. axb5 a4 25. Rd3 c5 26. Be5 d4 27. b6 Qe4 28.
Bg3 Ra6 29. h4 Bd8 30. Bc7 Bxh4 31. Rh3 Be7 32. b7 Qxb7 33. Qd3+ Kh8 34. Be5+
Kg8 35. Qg6+ 1-0

[Event "Reykjavik Open 2018"]
[Site "Reykjavik ISL"]
[Date "2018.03.11"]
[Round "6.12"]
[White "Kavutskiy, Konstantin"]
[Black "Moradiabadi, Elshan"]
[Result "1/2-1/2"]
[WhiteTitle "IM"]
[BlackTitle "GM"]
[WhiteElo "2383"]
[BlackElo "2535"]
[WhiteFideId "2026384"]
[BlackFideId "12501255"]
[EventDate "2018.03.06"]

1. d4 Nf6 2. c4 b6 3. Nf3 Bb7 4. g3 g6 5. Bg2 Bg7 6. O-O O-O 7. Qc2 c5 8. d5 e6
9. e4 exd5 10. exd5 Na6 11. Nc3 d6 12. Bf4 Nc7 13. a4 Na6 14. Qd2 Nb4 15. Rae1
a6 16. Ng5 Nh5 17. Be3 h6 18. Nf3 Kh7 19. g4 Nf6 20. g5 hxg5 21. Bxg5 Bc8 22.
Ne4 Nxe4 23. Rxe4 f6 24. Rfe1 Ra7 25. Bf4 Bf5 26. Re6 Bxe6 27. Rxe6 Re8 28. Bh3
Rxe6 29. Bxe6 Qf8 30. Qc3 Bh6 31. Bxh6 Qxh6 32. Qxf6 Qc1+ 33. Kg2 Nd3 34. Ng5+
Kh6 35. h4 Qxb2 36. Qf8+ Qg7 37. Qxd6 Qf6 38. Ne4 Qd4 39. Qf8+ Qg7 40. Qd6 Qe5
41. Qf8+ Qg7 1/2-1/2

[Event "Reykjavik Open 2018"]
[Site "Reykjavik ISL"]
[Date "2018.03.11"]
[Round "6.13"]
[White "Stefansson, Hannes"]
[Black "Bewersdorff, Oliver"]
[Result "1-0"]
[WhiteTitle "GM"]
[BlackTitle "FM"]
[WhiteElo "2533"]
[BlackElo "2312"]
[WhiteFideId "2300087"]
[BlackFideId "4602897"]
[EventDate "2018.03.06"]

1. e4 e5 2. Nf3 Nc6 3. Bb5 f5 4. d3 fxe4 5. dxe4 Nf6 6. Nc3 Bb4 7. Qd3 d6 8. O-O
Bxc3 9. Qxc3 Bd7 10. Bd3 Rb8 11. b4 O-O 12. b5 Ne7 13. Qc4+ Kh8 14. Ng5 Be8 15.
f4 exf4 16. Bxf4 Ng6 17. Bg3 Qe7 18. Qd4 Ne5 19. Qxa7 Nxd3 20. Qxb8 Nc5 21. b6 1-0

[Event "Reykjavik Open 2018"]
[Site "Reykjavik ISL"]
[Date "2018.03.11"]
[Round "6.14"]
[White "Cummings, David H."]
[Black "Hjartarson, Johann"]
[Result "1/2-1/2"]
[WhiteTitle "IM"]
[BlackTitle "GM"]
[WhiteElo "2322"]
[BlackElo "2513"]
[WhiteFideId "2603578"]
[BlackFideId "2300044"]
[EventDate "2018.03.06"]

1. c4 g6 2. e4 e5 3. d4 Nf6 4. Nf3 exd4 5. e5 Ne4 6. Qxd4 Nc5 7. Bg5 Ne6 8. Bxd8
Nxd4 9. Bf6 Nxf3+ 10. gxf3 Bb4+ 11. Nc3 O-O 12. O-O-O Bxc3 13. bxc3 Na6 14. h4
h5 15. Rg1 Re8 16. f4 d6 17. exd6 cxd6 18. Rxd6 Bg4 19. f3 Bxf3 20. Bd4 Re1+ 21.
Kb2 Bg4 22. Bg2 Re2+ 23. Ka3 Nc7 24. Bxb7 Rb8 25. Bd5 Ne6 26. c5 Nxf4 27. Rb1
Rbe8 28. Bxf7+ Kxf7 29. Rf6+ Kg8 30. Rxf4 Be6 31. Rf2 Bd5 32. Rb2 R2e6 33. Rb4
Re2 34. Rxe2 Rxe2 35. c4 Bc6 36. Rb8+ Kf7 37. Rc8 Re6 38. Rc7+ Ke8 39. Rxa7 Re4
40. Bf6 Rxc4 41. Re7+ Kf8 42. Re5 Re4 43. Rxe4 Bxe4 44. Kb4 Ke8 45. a4 Kd7 46.
a5 Bd3 47. Kc3 1/2-1/2

[Event "Reykjavik Open 2018"]
[Site "Reykjavik ISL"]
[Date "2018.03.11"]
[Round "6.15"]
[White "Stefansson, Vignir Vatnar"]
[Black "Praggnanandhaa, R"]
[Result "0-1"]
[WhiteTitle "FM"]
[BlackTitle "IM"]
[WhiteElo "2300"]
[BlackElo "2507"]
[WhiteFideId "2308649"]
[BlackFideId "25059530"]
[EventDate "2018.03.06"]

1. c4 e5 2. g3 Nf6 3. Bg2 c6 4. Nc3 d5 5. cxd5 cxd5 6. d4 e4 7. Bg5 Bb4 8. Rc1
O-O 9. e3 Nbd7 10. Qb3 Bxc3+ 11. Rxc3 b6 12. Bf4 Ba6 13. Qa3 Bc4 14. b3 Bd3 15.
Bf1 Rc8 16. Qc1 Rxc3 17. Qxc3 Qc8 18. Qd2 Qa6 19. Be2 Rc8 20. Bd1 Bb1 21. a4 Qd3
22. Qxd3 exd3 23. f3 Bc2 24. Nh3 Bxd1 25. Kxd1 Rc2 26. Rf1 Rb2 27. Kc1 Rxb3 28.
Rd1 Rc3+ 29. Kd2 Rc2+ 30. Kxd3 Rxh2 31. Ng1 Ra2 32. Ne2 Rxa4 33. Nc3 Ra5 34. Bd6
h5 35. Bb4 Ra6 36. e4 dxe4+ 37. fxe4 Ng4 38. Rf1 g6 39. Re1 b5 40. e5 Rb6 41.
Nd5 Ra6 42. Nc3 Rb6 43. Nd5 Rb7 44. Bc3 Kh7 45. Rf1 Nf8 46. Nf4 b4 47. Bb2 Ne6
48. d5 Nc5+ 49. Kd4 Nb3+ 50. Kd3 Nc5+ 51. Kd4 Na4 52. Ba1 b3 53. Nd3 Kg8 54. e6
fxe6 55. dxe6 b2 56. Nxb2 Nxb2 57. Rb1 Rb4+ 58. Kd5 Nd3 0-1

[Event "Reykjavik Open 2018"]
[Site "Reykjavik ISL"]
[Date "2018.03.11"]
[Round "6.16"]
[White "Fernandez, Daniel Howard"]
[Black "L'Ami, Alina"]
[Result "1-0"]
[WhiteTitle "GM"]
[BlackTitle "IM"]
[WhiteElo "2505"]
[BlackElo "2306"]
[WhiteFideId "5801605"]
[BlackFideId "1210246"]
[EventDate "2018.03.06"]

1. e4 e6 2. c3 d5 3. Bd3 c5 4. Nf3 Nc6 5. O-O Nf6 6. e5 Nd7 7. Bb5 Be7 8. d4 Qb6
9. a4 a6 10. Bxc6 bxc6 11. a5 Qb7 12. c4 O-O 13. Re1 cxd4 14. cxd5 c5 15. d6 Bd8
16. Nbd2 Qd5 17. Qb3 Rb8 18. Qxd5 exd5 19. Ra4 g5 20. h3 h5 21. Ra3 Kh7 22. Nf1
Rg8 23. e6 fxe6 24. Rxe6 Bf6 25. Ng3 h4 26. Nh5 Kg6 27. Nxf6 Nxf6 28. Ne5+ Kf5
29. Re7 Be6 30. Nc6 Rbe8 31. Rf3+ 1-0

[Event "Reykjavik Open 2018"]
[Site "Reykjavik ISL"]
[Date "2018.03.11"]
[Round "6.17"]
[White "Grant, David J"]
[Black "Cornette, Deimante"]
[Result "0-1"]
[BlackTitle "IM"]
[WhiteElo "2068"]
[BlackElo "2447"]
[WhiteFideId "403717"]
[BlackFideId "12802859"]
[EventDate "2018.03.06"]

1. e4 e6 2. d3 c5 3. f4 Nc6 4. Nf3 g6 5. Be2 Bg7 6. O-O Nge7 7. c3 d6 8. Qe1 b5
9. Qf2 O-O 10. Qh4 f5 11. Be3 b4 12. Nbd2 a5 13. Rab1 Qc7 14. Rbc1 bxc3 15. bxc3
Nd8 16. g4 Nf7 17. Ng5 Nxg5 18. fxg5 Bb7 19. Rf3 Rf7 20. Rh3 Bh8 21. Bd1 a4 22.
gxf5 exf5 23. Be2 d5 24. Bf4 Be5 25. Bxe5 Qxe5 26. Nf3 Qe6 27. e5 f4 28. d4 Bc8
29. Bf1 Nf5 30. Qxf4 Nxd4 31. Nxd4 Qxh3 32. Qxf7+ Kxf7 33. Bxh3 Bxh3 34. Nb5 Rb8
35. c4 d4 36. Rb1 Ke7 37. Kf2 Be6 38. Rc1 Rf8+ 39. Kg3 Rf5 40. h4 Rxe5 41. Kf4
Re2 42. a3 Re3 43. Nc7 Rxa3 44. Re1 Re3 45. Ra1 a3 46. Nb5 Bxc4 47. Nxa3 Bd3 48.
Rd1 Kd6 49. Rd2 0-1

[Event "Reykjavik Open 2018"]
[Site "Reykjavik ISL"]
[Date "2018.03.11"]
[Round "6.18"]
[White "Carlsen, Henrik"]
[Black "Haria, Ravi"]
[Result "0-1"]
[BlackTitle "IM"]
[WhiteElo "2031"]
[BlackElo "2424"]
[WhiteFideId "1502832"]
[BlackFideId "415820"]
[EventDate "2018.03.06"]

1. d4 e6 2. Nf3 Nf6 3. c4 d5 4. Nc3 Bb4 5. e3 O-O 6. Be2 c5 7. O-O cxd4 8. exd4
dxc4 9. Bxc4 b6 10. Ne5 Bb7 11. Bg5 Be7 12. Bb5 a6 13. Ba4 b5 14. Bc2 Nc6 15.
Nxc6 Bxc6 16. Qd2 Qd7 17. Rfd1 Rad8 18. Rac1 Ba8 19. Qe2 b4 20. Bxf6 Bxf6 21.
Ne4 Bxe4 22. Bxe4 Bxd4 23. Qxa6 Qe7 24. Qe2 Rd6 25. Rc6 Bxf2+ 26. Kxf2 Rxc6 27.
Bxc6 Qc5+ 28. Qe3 Qxc6 29. Rd2 h6 30. a3 bxa3 31. Qxa3 Rb8 32. Qd3 Rb5 33. h3
Qb6+ 0-1

[Event "Reykjavik Open 2018"]
[Site "Reykjavik ISL"]
[Date "2018.03.11"]
[Round "6.19"]
[White "Sikkel, Dirk"]
[Black "Antal, Tibor Kende"]
[Result "0-1"]
[BlackTitle "FM"]
[WhiteElo "1937"]
[BlackElo "2419"]
[WhiteFideId "1050079"]
[BlackFideId "738581"]
[EventDate "2018.03.06"]

1. e4 c5 2. Nf3 d6 3. Bb5+ Bd7 4. Bxd7+ Qxd7 5. c4 Nc6 6. d4 cxd4 7. Nxd4 g6 8.
Nc3 Bg7 9. Be3 Nf6 10. h3 O-O 11. O-O Rac8 12. Qd2 Nxd4 13. Bxd4 Rxc4 14. Bxa7
b5 15. Be3 Nxe4 16. Nxe4 Rxe4 17. Rac1 Qe6 18. b3 f5 19. g3 d5 20. Qd3 b4 21.
Rfd1 f4 22. Bxf4 Bd4 23. Rc2 Qxh3 24. Qf1 Qg4 0-1

[Event "Reykjavik Open 2018"]
[Site "Reykjavik ISL"]
[Date "2018.03.11"]
[Round "6.20"]
[White "Bick, Gabriel"]
[Black "Giacomini, Hector"]
[Result "1-0"]
[WhiteElo "2416"]
[BlackElo "2193"]
[WhiteFideId "2084058"]
[BlackFideId "605352"]
[EventDate "2018.03.06"]

1. e4 c6 2. d4 d5 3. e5 c5 4. dxc5 e6 5. a3 Bxc5 6. b4 Bf8 7. Nf3 a5 8. b5 Ne7
9. Bd3 Nd7 10. O-O b6 11. Re1 Bb7 12. Ng5 g6 13. Qf3 Nf5 14. Bxf5 exf5 15. e6
fxe6 16. Nxe6 Qf6 17. Nc5+ Be7 18. Nxb7 Ne5 19. Qxd5 Ng4 20. Nd6+ Kf8 21. Qxa8+
Kg7 22. Ne8+ Rxe8 23. Qxe8 Bc5 24. Qd7+ 1-0

[Event "Reykjavik Open 2018"]
[Site "Reykjavik ISL"]
[Date "2018.03.11"]
[Round "6.21"]
[White "Johannsson, Orn Leo"]
[Black "Gledura, Benjamin"]
[Result "0-1"]
[BlackTitle "GM"]
[WhiteElo "2206"]
[BlackElo "2632"]
[WhiteFideId "2303051"]
[BlackFideId "712779"]
[EventDate "2018.03.06"]

1. d4 Nf6 2. Nf3 d5 3. Bf4 c5 4. e3 Nc6 5. c3 Qb6 6. Qb3 c4 7. Qc2 Bf5 8. Qc1 e6
9. h3 h6 10. Nbd2 Be7 11. Be2 O-O 12. O-O Rfc8 13. Re1 Qd8 14. Bd1 b5 15. a3 a5
16. Bc2 b4 17. axb4 axb4 18. e4 dxe4 19. Nxe4 Nd5 20. Ba4 Ra5 21. Bxc6 Rxa1 22.
Qxa1 Nxf4 23. Qa6 Qc7 24. d5 exd5 25. Ng3 Be6 26. Nd4 Bc5 27. Nxe6 fxe6 28. Rxe6
Bxf2+ 29. Kxf2 Nxe6 30. Bxd5 Rf8+ 31. Ke2 Qe5+ 32. Be4 Nf4+ 33. Kd2 Rd8+ 34. Kc1
Ne2+ 0-1